00392nam a2200121Ia 4500008004100000041000800041082001100049100002200060245011700082260003500199300001900234999001700253241015s9999 xx 000 0 und d aeng a895.63 aYagisawa, Satoshi aDays At The Morisaki Bookshop : A Charming And Uplifting Japanese Translated Story On The Healing Power Of Books bManilla PressaNew Dehlic2023 a160;. P. 23 Cm c41931d41931